00529nam a22001697a 450000500170000001000130001702000260003003500120005603700160006808200110008410000230009524500620011824600460018026000530022627000590027930000210033820220810121725.0 aUR-11667 a9789394616196c300.00 aU-10222 bDBAD/PUBa- a841.08 aاظہا ر خضر aکھر ے کھو ٹے :bتبصرے /cاظہا ر خضر aKhare Khote (Tabserey) /bby Izhar Khizar aNew DelhibEducational Publishing Housec2022 ء aH.O. D1/16, Ansari Road, Darya GanjbNew Delhie110002 a173 صc23cm(Hb)